000 00300nam a22001337a 4500
008 170502b xxu||||| |||| 00| 0 eng d
020 _a9780735575714
041 _aeng
080 _a34
100 _a13
101 _aSHJ
245 _aPLEA BARGAINING ACROSS BORDERS
_cTURNER, J.L
942 _2udc
_cBK
999 _c12349
_d12349